Morada de paz
Gorde:
| Egile nagusia: | |
|---|---|
| Formatua: | Liburua |
| Hizkuntza: | Undetermined |
| Argitaratua: |
Buenos Aires, Argentina
Losada
1948
|
| Gaiak: | |
| Etiketak: |
Etiketa erantsi
Etiketarik gabe, Izan zaitez lehena erregistro honi etiketa jartzen!
|
MARC
| LEADER | 00000nam a2200000Ia 4500 | ||
|---|---|---|---|
| 008 | 170316s9999 xx 000 0 und d | ||
| 090 | |a 800-I T-1m | ||
| 100 | |a Tagore, Rabindranath | ||
| 245 | |a Morada de paz | ||
| 260 | |a Buenos Aires, Argentina | ||
| 260 | |b Losada | ||
| 260 | |c 1948 | ||
| 300 | |a 117 páginas | ||
| 650 | |a OTRAS LITERATURAS | ||
| 650 | |a INDIA | ||
| 999 | |c 19912 |d 19912 | ||
| 040 | |a cru BVZT | ||
| 942 | |c 15 D |h 800-I T-1m |2 z | ||
